000 00719nam a2200265 a 4500
003 AR-BaBNM
005 20251128203127.0
008 082120s2002 ||||||||||||||000 | spa||
040 _cAR-BaBNM
100 1 _aNuñez, Julio
245 0 0 _aIvirareta
_bpaís de árboles
250 _a2ª ed.
260 _aPosadas
_bEdiciones Montoya
_c1981
300 _a189 p.
_bil.
500 _aContiene referencias bibliográficas en p. 187
650 4 _aHISTORIA MISIONERA
650 4 _aHISTORIA PROVINCIAL ARGENTINA
650 4 _aABORIGENES
650 4 _aHISTORIA ECONOMICA
650 4 _aINMIGRACION EN ARGENTINA
650 4 _aEXPLOTACION FORESTAL
650 4 _aMISIONES JESUITICAS
942 _cBK
998 _cMARTIN
999 _c2026
_d2026